[Event "Niedersachsen-ch U16/18 Girls"]
[Site "Rotenburg/Wuemme"]
[Date "2007.04.06"]
[Round "9"]
[White "Gerschmann, Anastasija"]
[Black "Grigorian, Satenik"]
[Result "1-0"]
[WhiteElo "1418"]
[BlackElo "822"]
[PlyCount "94"]
[EventDate "2007.03.31"]
[EventType "swiss"]
[EventRounds "9"]
[EventCountry "GER"]
[SourceTitle "EXT 2008"]
[Source "ChessBase"]
[SourceDate "2007.11.25"]
[SourceVersion "1"]
[SourceVersionDate "2007.11.25"]
[SourceQuality "1"]

1. e4 e5 2. Nf3 Nc6 3. Nc3 Nf6 4. Bb5 Bb4 5. 0-0 0-0 6. Bxc6 dxc6 7. Nxe5 Bxc3 8. dxc3 Qxd1 9. Rxd1 Nxe4 10. Bf4 Nc5 11. Nd3 Ne6 12. Bg3 c5 13. Rd2 c6 14. Bd6 Rd8 15. Ne1 b6 16. Rad1 Ba6 17. Be7 Rxd2 18. Rxd2 Re8 19. Rd7 Ng5 20. Rxa7 g6 21. h4 Ne4 22. Nf3 Be2 23. Ne5 Bd1 24. Nxc6 Bxc2 25. Rb7 Bb1 26. a3 Ba2 27. Rxb6 Bd5 28. Bg5 Nxg5 29. hxg5 Re6 30. Rb8+ Kg7 31. Na5 Re5 32. b4 c4 33. Nb7 Rxg5 34. g3 Re5 35. Kf1 Bf3 36. Nd6 f6 37. Ne8+ Kf7 38. Nxf6 Be2+ 39. Kg2 Kxf6 40. Rf8+ Ke6 41. f4 Rf5 42. Re8+ Kd5 43. Rxe2 Kc6 44. a4 Rd5 45. b5+ Kb6 46. Kf2 h6 47. Re6+ Ka5 1-0

[Event "Niedersachsen-ch U16/18 Girls"]
[Site "Rotenburg/Wuemme"]
[Date "2007.04.01"]
[Round "3"]
[White "Gerschmann, Anastasija"]
[Black "Flauss, Jessica"]
[Result "1/2-1/2"]
[WhiteElo "1418"]
[BlackElo "1017"]
[PlyCount "58"]
[EventDate "2007.03.31"]
[EventType "swiss"]
[EventRounds "9"]
[EventCountry "GER"]
[SourceTitle "EXT 2008"]
[Source "ChessBase"]
[SourceDate "2007.11.25"]
[SourceVersion "1"]
[SourceVersionDate "2007.11.25"]
[SourceQuality "1"]

1. e4 e5 2. Nf3 Nc6 3. Nc3 Bc5 4. Bc4 d6 5. h3 Nf6 6. 0-0 0-0 7. Re1 Be6 8. Bb3 Qe7 9. d3 Rad8 10. Nd5 Bxd5 11. Bxd5 Nxd5 12. exd5 Nd4 13. c4 h6 14. Be3 Qf6 15. Nxd4 exd4 16. Bd2 Qg6 17. Qf3 Rfe8 18. a3 Rc8 19. Re4 Kf8 20. Rae1 f6 21. b4 Bb6 22. Bf4 Red8 23. Re6 Qf5 24. g4 Qg6 25. Kh2 Re8 26. Qe4 Qxe4 27. R6xe4 Red8 28. Re6 Kf7 29. a4 a6 1/2-1/2

[Event "Niedersachsen-ch U12/14 Girls"]
[Site "Rotenburg/Wuemme"]
[Date "2007.03.31"]
[Round "1"]
[White "Gerschmann, Anastasija"]
[Black "Thuenemann, Miriam"]
[Result "1-0"]
[WhiteElo "1418"]
[BlackElo "963"]
[PlyCount "57"]
[EventDate "2007.03.31"]
[EventType "swiss"]
[EventRounds "9"]
[EventCountry "GER"]
[SourceTitle "EXT 2008"]
[Source "ChessBase"]
[SourceDate "2007.11.25"]
[SourceVersion "1"]
[SourceVersionDate "2007.11.25"]
[SourceQuality "1"]

1. e4 c6 2. Nf3 d5 3. exd5 cxd5 4. d4 Bf5 5. Nc3 e6 6. Bf4 Nf6 7. Bb5+ Nc6 8. Ne5 Rc8 9. 0-0 a6 10. Nxc6 bxc6 11. Bxa6 Ra8 12. Bb7 Ra7 13. Bxc6+ Nd7 14. Re1 Be7 15. Nb5 Ra5 16. Bc7 Qc8 17. Bxa5 Qxc6 18. Nc3 0-0 19. Qd2 Rb8 20. b3 Qa6 21. Na4 Bxc2 22. Rac1 Bf5 23. Rc7 Qd6 24. Rec1 Bf6 25. Rc8+ Rxc8 26. Rxc8+ Nf8 27. Bb4 Qxb4 28. Qxb4 e5 29. Qxf8# 1-0

[Event "Hannover-ch U18"]
[Site "Lehrte"]
[Date "2006.10.15"]
[Round "3"]
[White "Gerschmann, Anastasija"]
[Black "Koeritz, Jan Hendrik"]
[Result "1-0"]
[WhiteElo "1265"]
[BlackElo "1567"]
[PlyCount "83"]
[EventDate "2006.10.14"]
[EventType "swiss"]
[EventRounds "7"]
[EventCountry "GER"]
[SourceTitle "EXT 2021"]
[Source "ChessBase"]
[SourceDate "2020.10.23"]
[SourceVersion "1"]
[SourceVersionDate "2020.10.23"]
[SourceQuality "1"]

1. e4 c5 2. Nf3 d6 3. Nc3 a6 4. Bc4 e6 5. 0-0 Nf6 6. d3 Be7 7. Re1 Nfd7 8. h3 Nc6 9. d4 cxd4 10. Nxd4 Qc7 11. Be3 b5 12. Bd3 Nc5 13. Nxc6 Qxc6 14. Qg4 Bf6 15. Rad1 Bb7 16. a3 0-0 17. Rd2 Nd7 18. Be2 Ne5 19. Qg3 Rad8 20. Red1 d5 21. exd5 exd5 22. Nxd5 Ng6 23. Bf3 Rxd5 24. Bxd5 Qc8 25. Bxb7 Qxb7 26. Bd4 Bh4 27. Qg4 f5 28. Qf3 Qxf3 29. gxf3 Bg5 30. Be3 Bxe3 31. fxe3 Ne5 32. Kf2 Nc4 33. Rd8 Rxd8 34. Rxd8+ Kf7 35. b3 Nxa3 36. c3 a5 37. Ra8 Nb1 38. c4 bxc4 39. bxc4 Na3 40. c5 Nc4 41. c6 Nb6 42. c7 1-0